000 00385nam a22001457a 4500
003 OSt
005 20160727222341.0
008 160620b xxu||||| |||| 00| 0 eng d
040 _ctest
100 _996
_aBye, M. P., et, al
245 _aHolt Methematics system Book - 4
260 _aCanada
_b Holt Rinehart & Winston
_c1980
300 _aHolt Methematics system Book - 4
942 _2ddc
_cBK
999 _c76
_d76